What are the benefits of NR and neoprene latex blend ? (Record no. 72364)

MARC details
000 -LEADER
fixed length control field 00333nam a2200133Ia 4500
100 ## - MAIN ENTRY--AUTHOR NAME
Personal name Bader H F
245 #0 - TITLE STATEMENT
Title What are the benefits of NR and neoprene latex blend ?
260 ## - PUBLICATION, DISTRIBUTION, ETC. (IMPRINT)
Name of publisher Rubber Asia
Year of publication 1997
300 ## - PHYSICAL DESCRIPTION
Number of Pages 57
650 ## - SUBJECT ADDED ENTRY--TOPICAL TERM
Topical Term Neoprene latex blend
650 ## - SUBJECT ADDED ENTRY--TOPICAL TERM
Topical Term NR
942 ## - ADDED ENTRY ELEMENTS (KOHA)
Koha item type Journals
Holdings
Withdrawn status Lost status Damaged status Not for loan Home library Current library Shelving location Date acquired Serial Enumeration / chronology Koha item type
      Journals RRII Library RRII Library Rubber chemistry 17/12/2021 Volume 11, Issue 2 Journals